| 000 | 00683nam a2200181 a 4500 | ||
|---|---|---|---|
| 008 | 120416s1988 ||||||||||||||||| || u | ||
| 020 | _a0138548943 | ||
| 050 | _aTA 684 Eng | ||
| 100 | _aEngel, I. (Irving), 1933- | ||
| 245 | 1 | 0 | _aStructural steel in architecture and building technology |
| 260 |
_aEnglewood Cliffs, N.J.: _bFT Prentice-Hall _c1988 |
||
| 300 | _axv, 216p.: ill. | ||
| 350 | _a0.00 | ||
| 500 | _aIncludes bibliographies and index. | ||
| 650 | _aBUILDINGS--IRON AND STEEL | ||
| 650 | _aSTEEL, STRUCTURAL | ||
| 995 |
_D0.00 _FCBU-MAIN LIBRARY (Kitwe) _H1 _I38.50 _M1 _UAVAILABLE _ZMain Library Open Access Collection |
||
| 999 |
_c58697 _d58697 |
||